| 000 | 00444nam a2200097Ia 4500 | ||
|---|---|---|---|
| 008 | 180130s9999 xx 000 0 und d | ||
| 245 |
_cAhmadi, Mahmood; Shahbahrami, Asadollah; Wong, Stephan _aCollaboration of reconfigurable processors in GRID computing: theory and application for data communication |
||
| 260 | _c2015 | ||
| 300 | _aBook title: Elements of data communication--Acession number C20540; pages 209-236 | ||
| 650 | _aDATA COMMUNICATION | ||
| 999 |
_c353863 _d353863 |
||